| 000 | 00766nam a2200229 a 4500 | ||
|---|---|---|---|
| 001 | 1383 | ||
| 003 | CDMR | ||
| 005 | 20131127180254.0 | ||
| 008 | 130130s1991||||sp |||||||||||||||||spa|d | ||
| 020 | _a8487981003 | ||
| 040 |
_aCDMR _bcat _cCDMR |
||
| 245 | 0 | 4 |
_aLas mentiras de una guerra _b: desinformación y censura en el conflicto del Golfo _cprólogo de Manuel Vázquez Montalbán ; Salvador Aguilar ... [et al.] |
| 260 |
_aBarcelona _bDeriva _cDL 1991 |
||
| 300 | _a181 p. | ||
| 650 | 0 | 4 |
_92723 _aCensura |
| 650 | 0 | 4 |
_94286 _aDesinformació |
| 650 | 0 | 4 |
_93585 _aGuerra del Golf Pèrsic, 1991 |
| 650 | 0 | 4 |
_93243 _aMitjans de comunicació de massa _xManipulació |
| 700 | 1 |
_9766 _aVázquez Montalbán, Manuel |
|
| 700 | 1 |
_93240 _aAguilar, Salvador |
|
| 942 |
_cMON _2udc |
||
| 999 |
_c1383 _d1383 |
||